=LDR 00000nam 2200000 4500 =001 INLIS000000000003706 =005 20130612092016 =008 ***********************************Ind** =035 ##$$0010-061300000003706 =041 ##$$a Ind =082 ##$$a 540.076 =090 ##$$a 540.076, Sri e =100 ##$$a Sri Widayati =245 ##$$a Evaluasi kimia program inti untuk SMA, Dra.Sri Widayati, Dra.Puji Indrastuti =260 ##$$a 1991 $b Klaten =300 ##$$a iii, 98 hlm., 21 cm =650 ##$$a Kimia6xEvaluasi =700 ##$$a Indrastuti, Puji =850 ##$$a NBPNMAT